Priestorová diferenciácia kriminality

Rizikové javy a ich vplyv na kriminalitu. Analýza kriminality na Slovensku a jej prepojenia na niektoré vybrané ukazovatele (11 ukazovateľov). Výsledky analýzy závislostí ukázali výraznú dominanciu vplyvu demografických faktorov viažúcich sa na koncentráciu a rizikové obyvateľstvo, zo sociálnych uka...

Description complète

Enregistré dans:
Détails bibliographiques
Auteur principal: Michálek, Anton
Format: Chapitre de livre
Langue:slovaque
Sujets:
Tags: Ajouter un tag
Pas de tags, Soyez le premier à ajouter un tag!

MARC

LEADER 00000naa$a2200000$$$4500
001 0099784
005 20240326124545.8
041 0 |a slo 
044 |a SK 
245 1 0 |a Priestorová diferenciácia kriminality  |c Anton Michálek 
520 |a Rizikové javy a ich vplyv na kriminalitu. Analýza kriminality na Slovensku a jej prepojenia na niektoré vybrané ukazovatele (11 ukazovateľov). Výsledky analýzy závislostí ukázali výraznú dominanciu vplyvu demografických faktorov viažúcich sa na koncentráciu a rizikové obyvateľstvo, zo sociálnych ukazovateľov na religiozitu (znižuje kriminalitu) a z ekonomických ukazovateľov na vplyv priemernej mzdy. Nepotvrdila sa hypotéza o významnom dosahu nezamestnanosti a etnickej príslušnosti testovaná na rómskom obyvateľstve. 
610 2 0 |a kriminalita 
610 2 0 |a činnosť trestná 
610 2 0 |a Slovensko 
610 2 0 |a analýzy 
100 1 |a Michálek, Anton